[Event "Hessen-ch U18"]
[Site "Bad Homburg"]
[Date "2005.??.??"]
[Round "6"]
[White "Sander, Jacob"]
[Black "Sbierski, Jan"]
[Result "0-1"]
[WhiteElo "1640"]
[BlackElo "2083"]
[PlyCount "90"]
[EventDate "2005.04.??"]
[EventType "swiss"]
[EventRounds "8"]
[EventCountry "GER"]
[Source "ChessBase"]
[SourceDate "2006.11.23"]

1. e4 Nf6 2. e5 Nd5 3. d4 d6 4. c4 Nb6 5. exd6 cxd6 6. Nc3 g6 7. a4 Bg7 8. a5
N6d7 9. d5 O-O 10. Be2 Nc5 11. Nf3 Nba6 12. Be3 b6 13. axb6 Qxb6 14. Na4 Qb7
15. Nxc5 Nxc5 16. Bd4 Qb4+ 17. Kf1 Bxd4 18. Nxd4 Qxb2 19. Rb1 Qa2 20. Ra1 Qb2
21. Rb1 Qa3 22. Ra1 Qb4 23. Nb5 a6 24. Nd4 Bd7 25. f3 Rfb8 26. Kf2 Qb6 27. Rb1
Qxb1 28. Qxb1 Rxb1 29. Rxb1 Kf8 30. Ke3 e6 31. f4 Ke7 32. Bf3 Ra7 33. Nc6+ Bxc6
34. dxc6 Rc7 35. Kd4 Kd8 36. g4 a5 37. f5 a4 38. fxg6 fxg6 39. Rb2 a3 40. Ra2
Ra7 41. Kc3 Kc7 42. Kb4 Nd3+ 43. Kc3 Ne5 44. Bg2 Nxg4 45. Bh3 h5 0-1

[Event "AUT-chT2W 0506"]
[Site "Austria"]
[Date "2006.03.17"]
[Round "9"]
[White "Poettinger, Harald"]
[Black "Pitschka, Klaus"]
[Result "1/2-1/2"]
[WhiteElo "2254"]
[BlackElo "2246"]
[PlyCount "113"]
[EventDate "2005.10.08"]
[EventType "team"]
[EventRounds "11"]
[EventCountry "AUT"]
[Source "ChessBase"]
[SourceDate "2006.11.23"]
[WhiteTeam "Bregenz"]
[BlackTeam "Inter Sbg Sued"]
[WhiteTeamCountry "AUT"]
[BlackTeamCountry "AUT"]

1. e4 Nf6 2. e5 Nd5 3. d4 d6 4. c4 Nb6 5. exd6 cxd6 6. Nc3 g6 7. a4 Bg7 8. a5
N6d7 9. Ra3 O-O 10. Nf3 e5 11. Be2 Nc6 12. d5 Ne7 13. O-O f5 14. Ng5 Nf6 15. b4
h6 16. Ne6 Bxe6 17. dxe6 d5 18. cxd5 Nfxd5 19. Nxd5 Qxd5 20. Qxd5 Nxd5 21. Rd3
Nxb4 22. Rd7 Nc6 23. a6 bxa6 24. Bxa6 Nd4 25. e7 Rfe8 26. Bc4+ Kh7 27. Bf7 Bf6
28. Bxe8 Rxe8 29. Ba3 a6 30. Rb1 Nb5 31. Bb4 Kg7 32. Ra1 Kf7 33. Rxa6 Nd4 34.
Rb7 Rc8 35. h3 Nc6 36. Rbb6 Bxe7 37. Bxe7 Nxe7 38. Rf6+ Kg7 39. Rfe6 Kf7 40.
Rxe5 Rc7 41. g3 f4 42. g4 Rc1+ 43. Kg2 Nc6 44. Rb5 Ke7 45. Rb7+ Kd6 46. Rbb6
Kd5 47. Rxc6 Rxc6 48. Rxc6 Kxc6 49. Kf3 g5 50. Ke4 Kc5 51. Kf5 Kd4 52. Kg6 Kd3
53. Kxh6 Ke2 54. Kxg5 f3 55. h4 Kxf2 56. h5 Kg3 57. h6 1/2-1/2

[Event "FRA-chT2B 0506"]
[Site "France"]
[Date "2006.04.02"]
[Round "11.7"]
[White "Coste, Thierry"]
[Black "Le Roy, Brice"]
[Result "1/2-1/2"]
[WhiteElo "2227"]
[BlackElo "2303"]
[PlyCount "81"]
[EventDate "2005.10.27"]
[EventType "team"]
[EventRounds "11"]
[EventCountry "FRA"]
[Source "ChessBase"]
[SourceDate "2005.11.24"]
[WhiteTeam "Clichy II"]
[WhiteTeamCountry "FRA"]

1. e4 Nf6 2. e5 Nd5 3. d4 d6 4. c4 Nb6 5. exd6 cxd6 6. Nc3 g6 7. a4 Nc6 8. a5
Nd7 9. d5 Nb4 10. Ra4 Na6 11. Qd4 Rg8 12. b4 Bg7 13. Qd2 Ne5 14. Bb2 Bd7 15. b5
Nc5 16. Ra3 Bf5 17. Nd1 Ne4 18. Qb4 Bh6 19. Ne3 Ng4 20. Nf3 Nexf2 21. Nxg4 Nxg4
22. Bd4 e5 23. h3 Nf6 24. Be3 Bg7 25. Be2 Nh5 26. O-O Nf4 27. Re1 g5 28. Bf1
Bf6 29. a6 b6 30. Nd4 Bg6 31. Nc6 Qd7 32. Nxa7 Rxa7 33. Bxb6 Ra8 34. Bf2 Kf8
35. b6 Kg7 36. b7 Rab8 37. Ba7 e4 38. Bxb8 Bd4+ 39. Kh1 Rxb8 40. a7 Rxb7 41.
Qxb7 1/2-1/2

[Event "FRA-chT2C 0506"]
[Site "France"]
[Date "2006.04.01"]
[Round "11.2"]
[White "Pasquier, Thomas"]
[Black "Debray, Tristan"]
[Result "1-0"]
[WhiteElo "2273"]
[BlackElo "2118"]
[PlyCount "169"]
[EventDate "2005.10.27"]
[EventType "team"]
[EventRounds "11"]
[EventCountry "FRA"]
[Source "ChessBase"]
[SourceDate "2005.11.24"]

1. e4 Nf6 2. e5 Nd5 3. d4 d6 4. c4 Nb6 5. exd6 cxd6 6. Nc3 g6 7. a4 Bg7 8. a5
N6d7 9. Be3 O-O 10. Nf3 f5 11. d5 Na6 12. Be2 h6 13. O-O g5 14. Nd4 Ndc5 15. f4
gxf4 16. Rxf4 e5 17. dxe6 Bxe6 18. Rf1 Qe7 19. Ra3 Nb4 20. Nf3 Nc6 21. Nd5 Qf7
22. Nf4 Bxb2 23. Ra2 Bg7 24. Qxd6 Bxc4 25. Bxc4 Qxc4 26. Qd5+ Qxd5 27. Nxd5 Ne4
28. a6 b6 29. Rc2 Na5 30. Nh4 Nd6 31. Ne7+ Kh7 32. Nhxf5 Nxf5 33. Nxf5 Rac8 34.
Rxc8 Rxc8 35. Nxg7 Kxg7 36. Bd4+ Kg6 37. Rf6+ Kg5 38. Rf7 Nc6 39. Be3+ Kg6 40.
Rd7 h5 41. h3 Kf5 42. Kh2 Re8 43. Bf2 Re7 44. Rb7 Re2 45. Rc7 Re6 46. Kg3 Kg5
47. Bg1 Rg6 48. Rf7 h4+ 49. Kh2 Re6 50. Rc7 Kf4 51. Bf2 Kg5 52. Rh7 Kg6 53. Rd7
Kh5 54. Rd5+ Re5 55. Rd7 Re2 56. Rd5+ Re5 57. Rd7 Re2 58. Kg1 Re7 59. Rb7 Kg5
60. Kf1 Kh5 61. Bg1 Kg5 62. Bd4 Kf5 63. Kf2 Kg5 64. Be3+ Kf5 65. Ke2 Kf6 66.
Kd2 Kf5 67. Bf2 Re4 68. Rc7 Rc4 69. Be3 Ke6 70. Bxb6 axb6 71. a7 Ra4 72. Rxc6+
Kd5 73. Rxb6 Rxa7 74. Ke3 Ra3+ 75. Kf2 Ra4 76. Rb5+ Ke6 77. Rg5 Ra8 78. Rh5 Ra4
79. Rg5 Ra8 80. Kf3 Rh8 81. Kg4 Kf6 82. Rf5+ Kg6 83. Ra5 Rh7 84. Ra6+ Kf7 85.
Ra7+ 1-0

[Event "Bois Colombes op 2nd"]
[Site "Bois Colombes"]
[Date "2005.12.25"]
[Round "5"]
[White "Delorme, Laurie"]
[Black "Cauzard, Vincent"]
[Result "1-0"]
[WhiteElo "2070"]
[BlackElo "1942"]
[PlyCount "98"]
[EventDate "2005.12.21"]
[EventType "swiss"]
[EventRounds "6"]
[EventCountry "FRA"]
[Source "ChessBase"]
[SourceDate "2006.11.23"]

1. e4 Nf6 2. e5 Nd5 3. d4 d6 4. exd6 cxd6 5. c4 Nb6 6. Nc3 g6 7. a4 a5 8. c5
dxc5 9. Bb5+ Bd7 10. dxc5 Bxb5 11. axb5 Qxd1+ 12. Kxd1 N6d7 13. Nd5 Kd8 14. Bf4
e5 15. Bg5+ Kc8 16. Rc1 Bxc5 17. Rxc5+ Nxc5 18. Nb6+ Kc7 19. Nxa8+ Kd6 20. Nb6
Ke6 21. Be3 Rd8+ 22. Kc2 Ne4 23. Ne2 f5 24. f4 Nd6 25. Rd1 Re8 26. Nc3 e4 27.
Rd5 Nf7 28. Rd4 Re7 29. Ncd5 Nd7 30. Nc7+ Kf6 31. Nbd5+ Kg7 32. Nxe7 Nf6 33.
Ne6+ Kh6 34. Ng5 Ng4 35. Nxf7+ Kg7 36. Nd5 Kxf7 37. h3 Nh6 38. Ra4 Ke6 39. Nc3
Nf7 40. Rxa5 Nd6 41. Ra4 h6 42. b3 Nf7 43. Ra7 Nd6 44. Bc5 Nc8 45. b6 g5 46.
fxg5 hxg5 47. Rxb7 f4 48. Rc7 Nxb6 49. Bxb6 e3 1-0

[Event "EU Union-ch"]
[Site "Liverpool"]
[Date "2006.09.11"]
[Round "6"]
[White "Savory, Richard J"]
[Black "Carleton, John J"]
[Result "1/2-1/2"]
[WhiteElo "2101"]
[BlackElo "2294"]
[PlyCount "109"]
[EventDate "2006.09.06"]
[EventType "swiss"]
[EventRounds "10"]
[EventCountry "ENG"]
[Source "ChessBase"]
[SourceDate "2006.11.03"]

1. e4 Nf6 2. e5 Nd5 3. d4 d6 4. c4 Nb6 5. exd6 cxd6 6. Nc3 g6 7. a4 a5 8. c5
dxc5 9. Bb5+ N6d7 10. Bf4 Bg7 11. Nd5 Na6 12. Bxa6 e5 13. Bb5 exf4 14. Qe2+ Kf8
15. Nf3 Nf6 16. Nxf4 cxd4 17. O-O Bf5 18. Rfe1 Qd6 19. Rad1 Ne4 20. Nd2 Qxf4
21. Nxe4 Bxe4 22. Qxe4 Qxe4 23. Rxe4 Bf6 24. Rde1 Kg7 25. Re8 Rhxe8 26. Rxe8
Rxe8 27. Bxe8 d3 28. Kf1 Bxb2 29. Bb5 d2 30. Ke2 Bc3 31. Bc4 f5 32. Bb3 Kf6 33.
Kd3 Bb4 34. Kd4 h5 35. f3 Kg5 36. Ke3 Kf6 37. Kd4 Ke7 38. Bd1 Kd6 39. Be2 g5
40. h3 f4 41. Bd1 Bc5+ 42. Kd3 Be3 43. Kc4 Ke5 44. Bb3 Bf2 45. Kd3 Be1 46. Kc4
g4 47. hxg4 hxg4 48. Bd1 gxf3 49. gxf3 Bf2 50. Bc2 Bd4 51. Kd3 Be3 52. Kc4 Kd6
53. Bd1 Bc5 54. Kd3 Bb4 55. Kc4 1/2-1/2